Design and Development of an Embedded Open Flow Controller (Record no. 590012)
[ view plain ]
| 000 -LEADER | |
|---|---|
| fixed length control field | 00547nam a22001697a 4500 |
| 003 - CONTROL NUMBER IDENTIFIER | |
| control field | NUST |
| 038 ## - RECORD CONTENT LICENSOR | |
| Staff Name | Atta |
| 040 ## - CATALOGING SOURCE | |
| Transcribing agency | Central Library |
| 082 ## - DEWEY DECIMAL CLASSIFICATION NUMBER | |
| Classification number | 005 ABD |
| 100 ## - MAIN ENTRY--PERSONAL NAME | |
| Personal name | Syed Abdullah Shah,Jannet Faiz,Maham Farooq |
| 9 (RLIN) | 91880 |
| 245 ## - TITLE STATEMENT | |
| Title | Design and Development of an Embedded Open Flow Controller |
| Statement of responsibility, etc. | Syed Abdullah Shah, Jannet Faiz, Maham Farooq |
| 300 ## - PHYSICAL DESCRIPTION | |
| Extent | 69,pages, |
| Other physical details | HB, |
| Dimensions | 25,cm |
| 563 ## - BINDING INFORMATION | |
| Binding note | HB |
| 700 ## - ADDED ENTRY--PERSONAL NAME | |
| Personal name | Supervisor: Dr. Syed Ali Khayam |
| 9 (RLIN) | 91881 |
| 856 ## - ELECTRONIC LOCATION AND ACCESS | |
| Uniform Resource Identifier | <a href="http://10.250.8.41:8080/xmlui/handle/123456789/10025">http://10.250.8.41:8080/xmlui/handle/123456789/10025</a> |
| 942 ## - ADDED ENTRY ELEMENTS (KOHA) | |
| Source of classification or shelving scheme | |
| Koha item type | Thesis |
| Withdrawn status | Lost status | Source of classification or shelving scheme | Damaged status | Not for loan | Permanent Location | Current Location | Date acquired | Full call number | Barcode | Date last seen | Price effective from | Koha item type |
|---|---|---|---|---|---|---|---|---|---|---|---|---|
| WITHDRAWN | Central Library (CL) | Central Library (CL) | 05/27/2022 | 005 ABD | SEECSP01145 | 05/27/2022 | 05/27/2022 | Thesis |
